000 00683nam a2200217 a 4500
999 _c5089
_d5089
001 5089
003 BD-JhCC
005 20171207200505.0
008 171207s1974 bg |||| || | 000 0 eng d
035 _a(BD-JhCC)5089
040 _aBD-JhCC
_dBD-JhCC
041 _aben
082 _a891.4415
_bISL 1974
100 _aইসলাম, কাজী নজরুল
245 _aনজরুলের শ্রেষ্ঠ কবিতা /
_c কাজী নজরুল ইসলাম,
260 _aঢাকা :
_bচৌধুরী পাবলিশার্স,
_c1974.
300 _a296 p. :
_c20 cm.
650 _aSelection of Poem
942 _2ddc
_cBK